00620nam a2200229 a 4500001001300000003000900013005001700022008004100039020000900080082001300089100001800102245001000120260004500130300000900175500003500184505002000219650001000239902000800249942000700257952011100264999001500375nice12345678IN_TiNIC20260116012224.0050524s1976 dela grp 000 0 eng  ac5000a954bMOR aMoraes, Frank aIndia aDelhi bVikas Pub House Pvt. Ltd. c1976 a232p aincludes index and biblioraphy2 aIllus, Appendex aIndia bSRS cBK 001040708StackRoom-aHMIbHMId2007-04-03g50.00l0o954 MORp09037r2007-04-03v50.00w2005-05-24yBK c6147d6147